00350pab a2200121 454500008004000000100002000040245008000060260000900140300001300149362001200162650002300174773003100197180718b2014 xxu||||| |||| 00| 0 eng d aAlgeo, Chivonne aExploring project knowledge acquisition and exchange thrugh action research c2014 ap.46-56. aJun-Jul aProject management aProject Management Journal